000 00187nam a2200073Ia 4500
008 170524s9999 xx 000 0 und d
100 _aSTALLING- W
245 0 _aBUSINESS DATA COMMUNICATIONS
260 _bHIMALYA PUB. HOUSE
999 _c8011
_d8011